[Event "GER-chT U20 Girls"]
[Site "Magdeburg"]
[Date "2023.12.28"]
[Round "3.9"]
[White "Bilogolovko, Anna"]
[Black "Dieckmann, Luna"]
[Result "1-0"]
[WhiteElo "1455"]
[BlackElo "1174"]
[PlyCount "75"]
[EventDate "2023.12.26"]
[EventType "team-swiss"]
[EventRounds "7"]
[EventCountry "GER"]
[SourceTitle "CB03_2024"]
[SourceDate "2024.01.17"]
[SourceVersion "1"]
[SourceVersionDate "2024.01.17"]
[SourceQuality "1"]
[WhiteTeam "Stuttgart Strateg"]
[BlackTeam "Porta Westfalica"]
[WhiteTeamCountry "GER"]
[BlackTeamCountry "GER"]

1. e4 c5 2. Nf3 d6 3. Nc3 Nf6 4. Bc4 g6 5. d3 Bg7 6. Bg5 0-0 7. Qd2 Nc6 8. Bh6 Bd7 9. Bxg7 Kxg7 10. Nd5 Nxd5 11. Bxd5 Qb6 12. Qc3+ Kg8 13. 0-0 Nd4 14. Nxd4 cxd4 15. Qd2 Rac8 16. Bb3 a5 17. c4 dxc3 18. bxc3 Qc5 19. c4 a4 20. Bd1 b5 21. cxb5 Bxb5 22. Be2 Qd4 23. Qa5 Bxd3 24. Bxd3 Qxd3 25. Qxa4 Rc4 26. Qb5 Qxe4 27. Rfe1 Qc2 28. Rxe7 Qc1+ 29. Re1 Qc3 30. h3 Rc5 31. Qd7 d5 32. Rac1 Qxc1 33. Rxc1 Rxc1+ 34. Kh2 Rd1 35. Kg3 Ra8 36. Kg4 Rxa2 37. Kg5 Rxf2 38. Kh6 1-0